|
|
|
|
| LEADER |
00000cam a2200000 7i4500 |
| 001 |
0000004870 |
| 005 |
20220105104007.0 |
| 008 |
070731 |
| 020 |
|
|
|a 983300430X(set)
|
| 020 |
|
|
|a 9833004318
|
| 090 |
0 |
0 |
|a JP
|b MOR ENG (5617)
|
| 100 |
1 |
|
|a Dodson, Anita Ruth
|
| 245 |
1 |
0 |
|a Bossy Bessie
|c Anita Ruth Dodson
|
| 260 |
|
|
|a Selangor :
|b Future Text Publications ,
|c 2005
|
| 440 |
|
0 |
|a Rhyming moral tales
|
| 500 |
|
|
|a Children age 4-6 years old (yellow)
|
| 650 |
|
0 |
|a Junior preschool
|x English
|x Languages
|
| 650 |
|
0 |
|a Moral
|
| 710 |
0 |
|
|a Title
|
| 999 |
|
|
|a 0000948504
|b Book
|c Children Collection
|e Cawangan Taman Sri Lambak
|
| 999 |
|
|
|a 0000976995
|b Book
|c Children Collection
|e Perbadanan Perpustakaan Awam Johor
|
| 999 |
|
|
|a 0000976996
|b Book
|c Children Collection
|e Cawangan Batu Pahat
|
| 999 |
|
|
|a 0000976997
|b Book
|c Children Collection
|e Perbadanan Perpustakaan Awam Johor
|
| 999 |
|
|
|a 0000976998
|b Book
|c Children Collection
|e Perbadanan Perpustakaan Awam Johor
|